my fav anime - Statystyki

Ogólne statystyki
  • Ten quiz został rozwiązany 53 razy
  • Średni wynik to 2 z 23
Statystyki odpowiedzi
Hint anime % Poprawnych
1 1 4 1 1 1 2 one piece
83%
5 1 1 11 1 11 2 death note
26%
2 3 5 7 8 9 4 haikyuu
26%
9 1 1 11 11 11 2 hunter x hunter
26%
1 1 1 1 1 1 2 blue lock
15%
4 1 1 1 1 1 2 oshi no ko
11%
3 1 1 1 1 1 2 vinland saga
11%
6 1 1 1 11 1 2 akatsuki no yona
4%
1 1 1 1 1 1 2 classroom of the elite
4%
1 1 1 1 1 1 2 food wars
4%
1 1 1 1 1 1 1 toradora
4%
2 4 2 6 8 9 2 ansatsu kyoushitsu
2%
1 1 1 1 1 1 2 erased
2%
7 1 1 1 11 1 2 fire force
2%
10 1 1 1 1 1 2 maid sama
2%
1 1 1 1 1 1 1 seven deadly sins
2%
11 1 1 1 1 1 1 tomodachi game
2%
81 1 1 1 1 1 2 fruits basket
0%
1 1 1 1 1 1 2 koe no katachi
0%
11 1 1 1 1 1 22 kusuriya no hitorigoto
0%
1 1 1 1 1 1 2 satsuriku no tenshi
0%
1 1 1 1 1 1 2 sugar apple fairy taile
0%
1 1 1 1 1 1 2 suzume no tojimari
0%
Nie znaleziono quizów pasujących do podanych kryteriów
Rozkład punktacji
Procent ludzi z każdym wynikiem
Percentyl według liczby udzielonych odpowiedzi
Twoja historia wyników
Nie rozwiązałeś tego quizu